000 00253 a2200109 4500
001 155141
040 _cEscola São Tomás de Aquino
240 1 0 _aProteger a plantação
_lpor
245 1 0 _aProteger a plantação
697 _aGENERALIDADES
942 _cBK
999 _c155141
_d155141